[Event "73rd RUS-ch Higher League 2020"]
[Site "Sochi"]
[Date "2020.10.14"]
[Round "6.2"]
[White "Sakaev, Konstantin"]
[Black "Artemiev, Vladislav"]
[Result "1/2-1/2"]
[WhiteElo "2596"]
[BlackElo "2716"]
[Annotator "TA"]
[PlyCount "73"]
[EventDate "2020.10.08"]
[EventType "swiss"]
[EventCountry "RUS"]
[SourceTitle "playchess.com"]
[Source "ChessBase"]
[SourceQuality "1"]

{[%evp 9,73,20,38,42,36,28,40,40,35,0,30,0,6,0,0,-14,0,0,0,-12,-19,-16,-16,-21,-16,-39,0,-47,-47,-47,-45,-81,-41,-75,-74,-79,-39,-51,-38,-60,-1,-10,-18,-18,0,0,0,0,0,0,12,12,9,0,11,8,13,0,0,0,14,0,0,0,6,0]} 1. d4 d5 2. c4 e6 3. Nf3 a6 4. Bg5 Be7 5. Bxe7 Nxe7 6. Nbd2 {D30: Queen's Gambit Declined: Systems without Nc3.} Nd7 7. g3 dxc4 8. Nxc4 {White is slightly better.} b5 9. Ncd2 {[%cal Bc4d2,Bd2b3,Bb3c5][%mdl 32]} Bb7 {[#]} 10. Qc2 $146 ({Predecessor:} 10. Rc1 Rc8 11. b4 Nc6 12. a3 Nxd4 13. Nxd4 Bxh1 14. f3 c5 15. Ne4 O-O 16. bxc5 {0-1 (33) Rapport,J (2379)-Khademalsharieh,S (2491) Budva 2019}) 10... Rc8 $36 {[%cal Ba8c8,Bc8c5,Bc5d5][%mdl 2080] Black fights for an advantage.} 11. Nb3 {[#]} c5 $1 {[%mdl 512]} 12. dxc5 (12. Nxc5 Nxc5) 12... Nxc5 13. Nxc5 Qa5+ 14. Qd2 Qxd2+ 15. Kxd2 Rxc5 16. Bg2 Rd5+ 17. Kc2 Rf5 18. Rad1 Be4+ 19. Kd2 O-O {White must now prevent ...Rd8+.} 20. Rhg1 Rc5 {...Rc2+ is the strong threat.} 21. Ne1 Rd8+ 22. Nd3 Bxd3 23. exd3 Rc7 24. Rge1 Nf5 (24... Rcd7 $15) 25. Rc1 {The position is equal.} Rcd7 26. Bf1 g5 27. Re5 Kg7 28. Rec5 Kf6 29. Rc8 Ne7 30. Rxd8 Rxd8 $11 {[%mdl 4096] Endgame KRB-KRN} 31. Rc7 Rd6 32. Be2 Nc6 33. Bh5 Ne5 34. Be2 Nc6 35. Bh5 Ne5 36. Be2 Nc6 37. Bh5 {Av CentiPawn Loss W=-9/B=-9. Weighted=-11/-9} 1/2-1/2

[Event "73rd RUS-ch Higher League 2020"]
[Site "Sochi"]
[Date "2020.10.14"]
[Round "6.3"]
[White "Sjugirov, Sanan"]
[Black "Goganov, Aleksey"]
[Result "0-1"]
[WhiteElo "2675"]
[BlackElo "2573"]
[Annotator "TA"]
[PlyCount "106"]
[EventDate "2020.10.08"]
[EventType "swiss"]
[EventCountry "RUS"]
[SourceTitle "playchess.com"]
[Source "ChessBase"]
[SourceQuality "1"]

{[%evp 15,106,17,15,28,40,16,16,6,4,4,10,6,15,-20,-22,-21,15,0,8,-60,-59,-79,-79,-73,-79,-81,-77,-76,-78,-77,-77,-77,-78,-79,-77,-87,-91,-86,-83,-82,-79,-91,-75,-75,-65,-97,-89,-89,-89,-89,-90,-98,-90,-99,-94,-147,-145,-147,-137,-151,-150,-151,-151,-151,-144,-146,-144,-138,-144,-153,-146,-187,-170,-355,-339,-287,-260,-368,-368,-368,-368,-576,-576,-576,-576,-4790,-5185,-5832,-5377,-6183,-5852,-1916,-1518]} 1. d4 Nf6 2. c4 e6 3. Nf3 d5 4. Nc3 dxc4 5. e4 Bb4 6. Bg5 h6 7. Bxf6 Qxf6 8. Bxc4 c5 9. O-O {Black must now prevent Nb5. D39: Queen's Gambit Declined: Ragozin Defence with 5 Bg5 dxc4.} cxd4 $1 {9...cxd4 scores better than 9...0-0.} 10. e5 (10. Nb5 $5 {[%cal Rb5c7]} Qe7 11. Qxd4 $14) 10... Qd8 11. Ne4 {The position is equal.} O-O 12. Qe2 Be7 13. Rad1 Qc7 14. Rc1 {[#]} Bd7 $146 ({Predecessor:} 14... Qa5 15. Ng3 Rd8 16. Rfd1 Nc6 17. a3 Bf8 18. Qe4 g6 19. Rd3 Bg7 20. b4 Qb6 {0-1 (64) Assaubayeva,B (2372)-Macovei,A (2425) Bucharest 2019}) 15. Ng3 Bc6 16. Nxd4 Rd8 $36 {[%mdl 2048] White is under pressure.} 17. Nxc6 (17. Qg4 $11) 17... Nxc6 $15 18. Bb5 Qxe5 19. Qxe5 Nxe5 20. Rc7 a6 {Threatens to win with ...Bd6.} 21. Be2 Rd7 22. Rxd7 Nxd7 23. Rc1 Nc5 24. b4 Na4 25. Bf3 Bxb4 26. Bxb7 {[#]} Ra7 $1 {[%cal Ra7b7]} 27. Rc8+ Kh7 28. Be4+ g6 29. Bc6 Nc3 30. a4 Kg7 31. Kf1 a5 32. Ne2 Nd5 33. Bxd5 exd5 $17 {[%mdl 4096] Endgame KRB-KRN} 34. Rd8 Rc7 35. Nf4 ({White should play} 35. Rxd5 Rc2 36. Nf4) 35... Rc1+ 36. Ke2 Rc2+ 37. Kf3 Ra2 38. Nd3 Bc3 39. Rxd5 Rxa4 40. Rc5 Bf6 41. Rc7 Ra3 42. Ke2 a4 {[%cal Ba5a4,Ba4a3,Ba3a2][%mdl 32]} 43. f4 Ra1 44. Ne5 $2 (44. Nc5) 44... Bxe5 45. fxe5 $19 {intending e6. KR-KR} Kf8 46. Ra7 (46. Rc2 {might work better.}) 46... a3 47. Kf2 a2 48. h3 (48. Kg3 $142) 48... g5 {Black is clearly winning.} 49. Kg3 {[#]} h5 $1 50. h4 gxh4+ 51. Kh2 Ke8 52. Ra3 Kd7 53. Ra6 Ke7 {Av CentiPawn Loss W=15/B=-22. Weighted=-22/-21} 0-1

[Event "73rd RUS-ch Higher League 2020"]
[Site "Sochi"]
[Date "2020.10.14"]
[Round "6.4"]
[White "Sviridov, Valery"]
[Black "Fedoseev, Vladimir"]
[Result "0-1"]
[WhiteElo "2558"]
[BlackElo "2674"]
[Annotator "TA"]
[PlyCount "68"]
[EventDate "2020.10.08"]
[EventType "swiss"]
[EventCountry "RUS"]
[SourceTitle "playchess.com"]
[Source "ChessBase"]
[SourceQuality "1"]

{[%evp 9,68,6,15,22,35,20,50,-4,52,30,41,26,17,27,25,28,16,16,20,13,31,18,27,18,23,0,1,0,0,-28,-19,-21,-27,-27,-31,-42,-31,-36,0,-23,0,0,0,0,0,0,0,0,0,-49,-52,-66,-67,-106,-95,-283,-283,-764,-219,-282,-162]} 1. d4 d5 2. Nf3 c6 3. Bf4 Nf6 4. c3 Bf5 5. e3 a5 {[#]} 6. Nbd2 $146 {D02: 1 d4 d5 2 Nf3 sidelines, including 2...Nf6 3 g3 and 2...Nf6 3 Bf4.} ({Predecessor:} 6. Be2 h6 7. h3 e6 8. Nbd2 Na6 9. O-O Bd6 10. Ne5 {½-½ (10) Bonke,H (1803)-Strehlow,H (2004) Berlin 2015}) 6... Nbd7 7. Nh4 Bg4 8. Qb3 (8. Qc2 $14) 8... b5 (8... e5 $11 9. Bxe5 Nxe5 10. dxe5 Nd7) 9. a4 {Black must now prevent h3.} e5 10. dxe5 {And now h3 would win.} Nc5 11. Qc2 Nfe4 {Hoping for ...Nxd2.} 12. Nhf3 Nxd2 $1 13. Nxd2 Nxa4 14. Bd3 g6 15. Nb3 Bg7 16. e4 {With the idea Nd4.} O-O 17. O-O Be6 18. Nd4 Qd7 19. Rad1 Nc5 20. exd5 Bxd5 21. Be2 Ne6 22. Bg3 $1 Nxd4 23. Rxd4 Qb7 $40 {[%mdl 128] Black mounts an attack.} 24. Rfd1 Rae8 25. f4 f6 {[%cal Rf6e5]} 26. c4 fxe5 27. fxe5 bxc4 28. Bxc4 {[%cal Rd4d5]} Qb6 29. Bxd5+ cxd5 30. Bf2 Bxe5 31. Rh4 Qb5 32. b3 $2 (32. Qc5 $17 {might work better.} Qxc5 33. Bxc5) 32... Rc8 $19 33. Qa2 $2 {[#]} (33. Qd2) 33... Rc3 $2 (33... Qd3 $1 {[%mdl 512]} 34. Rf1 (34. Rxd3 Rc1+) 34... Rc2) 34. b4 {[#]} Qd3 $1 {[%mdl 512] Av CentiPawn Loss W=-35/B=-29. Weighted=-40/-26} 0-1

[Event "73rd RUS-ch Higher League 2020"]
[Site "Sochi"]
[Date "2020.10.14"]
[Round "6.5"]
[White "Pridorozhni, Aleksei"]
[Black "Ponkratov, Pavel"]
[Result "1/2-1/2"]
[WhiteElo "2596"]
[BlackElo "2628"]
[Annotator "TA"]
[PlyCount "144"]
[EventDate "2020.10.08"]
[EventType "swiss"]
[EventCountry "RUS"]
[SourceTitle "playchess.com"]
[Source "ChessBase"]
[SourceQuality "1"]

{[%evp 9,144,53,50,35,49,49,58,44,61,41,30,22,38,26,41,41,31,34,33,35,43,35,30,34,49,22,39,41,59,40,47,24,44,31,29,32,64,62,67,22,61,62,68,39,60,38,30,-17,-20,-12,4,-8,0,0,0,0,0,0,0,0,0,-3,0,-5,-4,-8,0,0,0,0,0,-2,0,0,0,0,0,0,0,0,0,0,0,0,0,0,0,-4,0,-8,-8,-8,-8,-8,-8,-8,-8,-8,-14,-14,-14,-29,-29,-29,-29,-46,-22,-22,-22,-22,-22,-22,-22,-22,-22,-22,-22,-22,-22,-22,-22,-22,-22,-22,-22,-22,-22,-22,-22,-22,-22,-22,-22,-22,-22,-22,-8]} 1. e4 d5 2. exd5 Qxd5 3. Nc3 Qd6 4. d4 Nf6 5. Nf3 c6 6. g3 {B01: Scandinavian Defence.} Bf5 7. Bg2 e6 8. O-O {White is slightly better.} Nbd7 9. Bf4 Qb4 10. Qc1 Be7 11. Re1 O-O {[#]} 12. Bc7 $146 ({Predecessor:} 12. Nh4 Bg4 13. h3 Bh5 14. g4 Bg6 15. Nxg6 hxg6 16. Qd2 Rfe8 17. a3 Qb6 18. Bg3 {0-1 (57) Wang,Y (2340)-Zhao,Z (2223) Qinhuangdao 2018}) 12... Bd8 $1 {[%cal Rd8c7]} 13. a3 Qe7 14. Bf4 Nb6 15. Nh4 Bg4 16. h3 Bh5 17. b3 Qd7 18. g4 Bg6 19. Be5 Bc7 20. Nd1 Qd8 21. Nxg6 hxg6 22. c4 Nbd7 23. Bxc7 Qxc7 24. Qe3 Rfd8 25. Nb2 Nf8 26. Rad1 Qe7 27. b4 a5 28. Qb3 axb4 29. axb4 Qc7 30. c5 b5 31. cxb6 Qxb6 32. Nc4 Qb5 33. Ne5 Nd5 34. Rc1 Rac8 $1 35. Rc4 Nd7 36. Rec1 {[%cal Re5c6]} Nxe5 37. dxe5 Ne7 38. Rc5 Qe2 39. Bf3 Qd2 40. Qc3 $132 {[%mdl 2048] White is not holding back} ({Don't go for} 40. Bxc6 $2 Rxc6 41. Qe3 Qd7 $19) 40... Rb8 41. Qxd2 Rxd2 42. R1c4 Rb2 43. Bxc6 R2xb4 44. Be4 g5 45. Rxb4 Rxb4 $11 {[%mdl 4096] Endgame KRB-KRN} 46. f3 Rb2 47. Rc7 Kf8 48. Ra7 g6 49. Ra8+ Kg7 50. Ra7 Nc8 51. Rc7 Nb6 52. Rb7 Nc4 53. Rxb2 Nxb2 {KB-KN} 54. Kg2 Nc4 55. h4 gxh4 {[#] aiming for ...g5.} 56. g5 $1 Nxe5 {White must now prevent ...f5.} 57. Kh3 Kf8 (57... Nd7 {is more complex.} 58. f4 f5 59. Bc6 Nc5 60. Bb5 Ne4) 58. Kxh4 {The position is equal.} Ke7 59. Kg3 Kd6 60. Bc2 Kd5 61. f4 Nc4 62. Kf3 Kd4 63. Ba4 Nd2+ 64. Ke2 $1 Ne4 {[#] Strongly threatening ...Nc3+.} 65. Kf3 Nd6 66. Bc6 Kc5 67. Ba4 Kd5 68. Bd7 e5 69. fxe5 Kxe5 70. Kg4 Ne4 71. Ba4 Nc5 72. Bb5 f5+ {Av CentiPawn Loss W=-5/B=-4. Weighted=-5/-5} 1/2-1/2

[Event "73rd RUS-ch Higher League 2020"]
[Site "Sochi"]
[Date "2020.10.14"]
[Round "6.6"]
[White "Esipenko, Andrey"]
[Black "Lintchevski, Daniil"]
[Result "1-0"]
[WhiteElo "2682"]
[BlackElo "2559"]
[Annotator "TA"]
[PlyCount "87"]
[EventDate "2020.10.08"]
[EventType "swiss"]
[EventCountry "RUS"]
[SourceTitle "playchess.com"]
[Source "ChessBase"]
[SourceQuality "1"]

{[%evp 14,87,29,31,43,39,58,13,35,14,38,31,43,22,36,24,32,69,93,99,96,95,203,137,154,167,161,175,158,167,606,599,675,685,656,664,726,646,637,627,595,526,520,526,524,484,516,515,614,602,625,606,856,859,858,847,843,819,737,628,748,746,849,836,847,606,1002,706,6436,6419,29973,29974,29961,29946,29990,6428]} 1. e4 c5 2. Nf3 Nc6 3. d4 cxd4 4. Nxd4 e5 5. Nb5 d6 6. N1c3 a6 7. Na3 Be6 8. Nc4 Rb8 {is recently more successful than 8...b5. B32: Sicilian: Löwenthal and Kalashnikov Variations.} 9. g3 $5 {[%mdl 4] Leaves trodden paths.} Nf6 10. Ne3 g6 {The position is equal.} 11. Bg2 {[#]} Bh6 $146 ({Predecessor:} 11... Bg7 12. O-O O-O 13. Ncd5 Bxd5 14. Nxd5 Nxd5 15. Qxd5 Nd4 16. c3 Ne2+ 17. Kh1 Nxc1 18. Raxc1 {0-1 (39) Postler,R (2213)-Gropp,A (2183) Germany 2015}) 12. O-O O-O 13. f4 exf4 14. gxf4 Qb6 15. Kh1 Rbe8 16. Qxd6 Rd8 17. Qa3 Qa7 (17... Qc7 $16) 18. e5 Nh5 {[#]} 19. Ned5 $1 b5 {[#]} 20. Be3 $1 {[%cal Re3a7]} b4 21. Qa4 bxc3 $2 (21... Qd7) 22. Bxa7 $18 cxb2 23. Qxc6 bxa1=Q 24. Rxa1 Bxf4 25. Rf1 Bxe5 26. Bc5 Rfe8 27. Nc7 Bxc7 28. Qxc7 Bc4 29. Rc1 Rc8 30. Qd6 Rcd8 31. Qb6 Nf4 32. Qb4 Ne2 33. Re1 Bxa2 34. Bf2 Rc8 35. Bf3 Bc4 36. Qd2 Rcd8 37. Qg5 ({Not} 37. Rxe2 Bxe2 38. Qf4 Bxf3+ 39. Qxf3 Rd2 $11) 37... Rc8 38. h4 Bb5 39. Bd5 {Black must now prevent Qf6.} Nc3 {intending ...Rxe1+.} 40. Rxe8+ Bxe8 41. Bb7 Rc4 42. Qd8 {White mates.} Kf8 {[#]} 43. Bc5+ $1 {[%mdl 512]} Kg7 (43... Rxc5 44. Qd6+) 44. Bd4+ {Av CentiPawn Loss W=-56/B=-80. Weighted=-38/-97} (44. Be7 $142 g5 45. hxg5 Bc6+ 46. Bxc6 Rxc6 47. Qf8+ Kg6 48. Qh6+ Kf5 49. Qxc6 {[%mdl 64] Double Attack}) 1-0

[Event "73rd RUS-ch Higher League 2020"]
[Site "Sochi"]
[Date "2020.10.14"]
[Round "6.7"]
[White "Rozum, Ivan"]
[Black "Paravyan, David"]
[Result "0-1"]
[WhiteElo "2566"]
[BlackElo "2653"]
[Annotator "TA"]
[PlyCount "90"]
[EventDate "2020.10.08"]
[EventType "swiss"]
[EventCountry "RUS"]
[SourceTitle "playchess.com"]
[Source "ChessBase"]
[SourceQuality "1"]

{[%evp 21,90,-5,13,0,11,-26,-32,-38,-41,-27,0,-8,-4,0,0,4,0,0,12,-22,-6,-14,-7,-30,-17,-12,0,-20,-12,-20,-9,-13,-14,-13,-14,-19,-9,-10,-18,-16,-8,-76,-81,-111,-107,-159,-170,-155,-156,-154,-155,-242,-244,-231,-191,-311,-330,-412,-367,-349,-343,-608,-142,-152,-139,-152,-133,-911,-849,-758,-736]} 1. d4 {Metz Alekhine/Primel,D} d5 2. c4 e6 3. Nf3 Nf6 4. g3 Be7 5. Bg2 O-O 6. O-O dxc4 7. Qa4 a6 8. Qxc4 b5 9. Qc2 Bb7 10. Bd2 Be4 11. Qc1 Nc6 12. e3 {E05: Open Catalan: 5 Nf3 Be7.} b4 13. Qc4 Na5 14. Qe2 $1 {Black is slightly better.} c5 15. Rc1 {[#]} Rc8 $146 ({Predecessor:} 15... c4 16. Be1 Nd5 17. Qd1 Rb8 18. Nbd2 c3 19. bxc3 Nxc3 20. Rxc3 Bxf3 21. Nxf3 bxc3 22. Bxc3 {0-1 (32) Piasetski,L (2289)-Sanikidze,T (2549) Metz 2012 EXT 2013 [Metz Alekhine/Primel,D]}) 16. dxc5 $1 Bxc5 17. Be1 $1 Qd6 18. Nbd2 Bd3 19. Qd1 Rfd8 20. Nb3 Nxb3 21. Qxb3 Be4 22. a3 {[%cal Ra3b4]} bxa3 23. bxa3 Rb8 24. Qc3 Rdc8 25. Qe5 Qe7 26. Nh4 Bd6 27. Rxc8+ Rxc8 28. Qa5 Qb7 29. Bf1 Qb2 30. Rd1 Be7 31. Bb4 (31. Qxa6 $11 {remains equal.} Ra8 32. Qc4) 31... Ng4 $17 {[%csl Gg4][%cal Rb2f2] [#]} 32. Be1 Bxh4 33. gxh4 (33. Rd4 $142 Bf3 34. gxh4) 33... Qb8 {[%csl Gg4][%cal Rb8h2]} 34. f4 Nxe3 35. Rd4 Bb7 36. Bxa6 (36. Qe5 $17 {is a better defense.} Qxe5 37. fxe5) 36... Bxa6 $40 {[%mdl 128] Black wants a kill.} 37. Qxa6 Nd5 {Hoping for ...Rc1.} 38. f5 (38. Bd2 $142) 38... Rc1 39. Qa5 h6 {Threatens to win with ...Qe5!} 40. fxe6 fxe6 {...Qe5! is the strong threat.} 41. Re4 $2 (41. Rxd5 exd5 42. Qxd5+ Kh8 43. Qe4) 41... Qe8 $2 (41... Rc2 $19 42. Bg3 Qb3) 42. Qd2 $17 Qg6+ 43. Qg2 Qf5 44. h3 $2 {[%mdl 8192]} (44. Qb2 $17) 44... Nf4 $19 {[%mdl 64] Double Attack} 45. Qf3 {[#]} Nd3 $1 {[%mdl 512] Av CentiPawn Loss W=-43/B=-22. Weighted=-85/-30} 0-1

[Event "73rd RUS-ch Higher League 2020"]
[Site "Sochi"]
[Date "2020.10.14"]
[Round "6.8"]
[White "Rakhmanov, Aleksandr"]
[Black "Khismatullin, Denis"]
[Result "1-0"]
[WhiteElo "2646"]
[BlackElo "2604"]
[Annotator "TA"]
[PlyCount "43"]
[EventDate "2020.10.08"]
[EventType "swiss"]
[EventCountry "RUS"]
[SourceTitle "playchess.com"]
[Source "ChessBase"]
[SourceQuality "1"]

{[%evp 9,43,0,0,-4,11,3,8,4,9,4,18,5,8,10,12,0,0,0,0,0,0,0,0,0,0,0,0,0,253,215,427,430,526,524,504,495]} 1. c4 e5 2. Nf3 e4 3. Nd4 Nc6 4. e3 Nf6 5. Nc3 Bb4 6. Qb3 {A20: English Opening: 1...e5.} a5 7. a3 {Strongly threatening Nxc6.} Nxd4 8. exd4 {The position is equal.} Bxc3 $1 9. dxc3 a4 10. Qc2 O-O 11. Be2 Re8 {[#]} 12. g4 $5 $146 {[%mdl 8] White wants to play g5. An interesting novelty.} ({Predecessor:} 12. O-O d6 13. Bf4 h6 14. h3 Bf5 15. Rad1 Qe7 16. Rfe1 Bg6 17. Qd2 b6 18. Be3 {½-½ (59) Kermer,W (2365)-Hoeppenstein,M (2370) GER email 2018}) 12... d5 13. g5 $36 {[%mdl 2048] White is more active.} Ng4 14. h3 Nxf2 $1 15. Kxf2 e3+ $1 {[%mdl 64] [#] Decoy} 16. Bxe3 Rxe3 17. Kxe3 Qxg5+ 18. Kf2 {Threatens to win with h4.} Qh4+ $2 {[%mdl 8192]} (18... Bf5 $1 $11 {and Black has nothing to worry.} 19. Bd3 Qf4+ 20. Kg2 Qg5+ 21. Kh2 Qf4+ 22. Kg2 Qg5+ 23. Kh2 Qf4+ 24. Kg2) 19. Kg2 $18 {Black must now prevent Bf3.} Ra6 $2 {[#]} (19... Qg5+ 20. Bg4 f5 {[%mdl 64] Pin}) 20. Rh2 $1 {White is clearly winning.} Rh6 {[%cal Rc8h3]} 21. Kh1 Bxh3 {( -> ...Bg2+!)} 22. Bf1 {Av CentiPawn Loss W=-5/B=-36. Weighted=-5/-41} 1-0

[Event "73rd RUS-ch Higher League 2020"]
[Site "Sochi"]
[Date "2020.10.14"]
[Round "6.9"]
[White "Lobanov, Sergei"]
[Black "Riazantsev, Alexander"]
[Result "1/2-1/2"]
[WhiteElo "2510"]
[BlackElo "2638"]
[Annotator "TA"]
[PlyCount "81"]
[EventDate "2020.10.08"]
[EventType "swiss"]
[EventCountry "RUS"]
[SourceTitle "playchess.com"]
[Source "ChessBase"]
[SourceQuality "1"]

{[%evp 9,81,38,48,36,29,31,40,41,43,25,37,0,0,0,35,52,22,43,38,36,51,37,32,33,41,-46,-46,-46,-49,-54,-68,-54,-69,-58,-12,-32,-17,-15,-15,-17,-4,-15,-17,-29,-35,-32,0,-33,-33,-38,-35,-30,-30,-38,-34,-38,-38,-38,-37,-35,-39,-33,0,0,0,0,0,0,0,0,0,0,0,0]} 1. e4 Nc6 2. d4 d5 3. e5 f6 4. f4 Bf5 5. c3 e6 6. Bd3 {B00: Queen's Fianchetto Defence, Nimzowitsch Defence.} Nh6 7. Nf3 Be7 8. O-O {White is slightly better.} Qd7 {[#]} 9. a4 $146 ({Predecessor:} 9. Kh1 Bxd3 10. Qxd3 f5 11. Nbd2 Nf7 12. b4 h6 13. Nb3 b6 14. Be3 g5 15. b5 {1-0 (36) Onyekwere,C (2149)-Taylor,T (2328) Connecticut 2007}) 9... O-O 10. h3 Bxd3 11. Qxd3 Na5 12. Nbd2 c5 13. dxc5 Bxc5+ 14. Kh2 $1 {[#] Hoping for b4.} Be7 15. b4 Nc6 16. b5 Na5 17. Nd4 ({White should play} 17. exf6 $14 Bxf6 18. Ne4 (18. Ba3 Rfc8 $14)) 17... fxe5 $15 18. fxe5 Rxf1 19. Nxf1 Nf7 $1 20. Bf4 Nc4 21. Re1 Rf8 (21... Nh8 {seems wilder.} 22. Qd1 Ng6 23. Bg3 Bd8 24. Ne3 Rc8) 22. Nd2 Nxd2 (22... Rc8 {with more complications.} 23. Qg3 Nxd2 24. Bxd2 Rc4 25. a5 Bd8) 23. Qxd2 Nh8 24. Bg3 Ng6 25. a5 Bc5 26. Qe2 Bxd4 27. cxd4 Qc7 28. a6 bxa6 29. bxa6 Qc4 30. Qxc4 dxc4 {[%mdl 4096] Endgame KRB-KRN} 31. Rb1 $1 {[%cal Rb1b7]} c3 32. Rc1 Rc8 33. Be1 c2 34. Kg3 Ne7 {White must now prevent ...Nf5+.} 35. Kf3 Nc6 36. Ke3 {The position is equal.} Nb8 37. Bb4 Nxa6 {[#]} 38. Bc5 $1 {[%mdl 512]} Nc7 ({Much worse is} 38... Nxc5 $6 39. Rxc2 Kf7 40. dxc5 $16 (40. Rxc5 Rxc5 41. dxc5 Ke7 $19)) 39. Rxc2 Nd5+ 40. Kd3 a5 41. Rb2 {Av CentiPawn Loss W=-5/B=-4. Weighted=-5/-4} 1/2-1/2

[Event "73rd RUS-ch Higher League 2020"]
[Site "Sochi"]
[Date "2020.10.14"]
[Round "6.10"]
[White "Demchenko, Anton"]
[Black "Lysyj, Igor"]
[Result "1/2-1/2"]
[WhiteElo "2632"]
[BlackElo "2593"]
[Annotator "TA"]
[PlyCount "112"]
[EventDate "2020.10.08"]
[EventType "swiss"]
[EventCountry "RUS"]
[SourceTitle "playchess.com"]
[Source "ChessBase"]
[SourceQuality "1"]

{[%evp 9,112,0,0,0,0,-3,0,-2,2,-2,-8,-14,0,0,0,0,0,-7,0,0,0,0,0,0,0,10,27,-28,-23,-25,-27,-22,-24,-37,-16,-20,-18,-75,-58,-61,0,-78,-71,-63,-69,-72,-68,-76,-15,-45,0,-69,-54,-57,-46,-86,-104,-261,-168,-159,-157,-157,-31,-53,0,0,0,0,0,0,0,0,14,12,12,12,8,8,18,0,0,0,0,0,0,0,0,0,0,-155,-157,-351,-24,-373,-360,-286,-11,-11,-11,-11,-11,-11,-11,-16,0]} 1. g3 d5 2. Nf3 c6 3. Bg2 Bg4 4. O-O Nd7 5. h3 Bxf3 6. exf3 {A07: Réti Opening: New York and Capablanca Systems.} g6 7. d4 Bg7 8. c3 e6 9. f4 Ne7 10. Nd2 {[%cal Bb1d2,Bd2f3,Bf3d4][%mdl 32]} O-O 11. Nf3 c5 12. dxc5 Nxc5 {[%cal Bd7c5,Bc5b7,Bb7d6][%mdl 32]} 13. Be3 {[#]} Rc8 $146 ({Predecessor:} 13... Qc7 14. g4 Bh6 15. Ne5 b6 16. Re1 Rad8 17. Qe2 Nc6 18. Nxc6 Qxc6 19. Rad1 Rfe8 {1-0 (39) Zvjaginsev,V (2642)-Gunina,V (2496) Moscow 2018}) 14. Nd4 a6 15. Qe2 Qc7 16. Rad1 b5 17. Rfe1 Nb7 (17... Na4 {keeps more tension.} 18. a3 Nb6 19. h4 Nc4 20. Bh3 Nf5) 18. Ra1 (18. g4 $142) 18... Nc6 19. Nxc6 Qxc6 20. Rad1 Nd6 21. g4 Rfe8 22. Rd3 Qc4 23. b3 (23. a3 $11 {remains equal.}) 23... Qc7 $17 24. Bd2 Qa5 (24... Bf6 $15) 25. Ra1 {[#]} (25. c4 $1 $11 Qxa2 26. cxd5) 25... b4 $1 {[%mdl 512]} 26. cxb4 Qa3 27. Re1 Qxa2 28. Qd1 Red8 (28... Qb2 $17) 29. Be3 Bc3 30. Re2 (30. Rxc3 $1 $11 Rxc3 31. Qd4 Rxe3 32. Qxe3) 30... Qa3 $1 $15 31. f5 gxf5 32. Rxc3 Rxc3 33. Bh6 $2 (33. Qd4 $17 {was the only chance.} Rdc8 34. Qf4) 33... Rdc8 {Threatens to win with ...Rc1!} ({Weaker is} 33... Qxb3 34. Qd4 $15) (33... Rxb3 34. Qd2 $14) 34. Kh2 Qxb4 35. Qd2 {[#] White threatens Qg5+ and mate.} f4 (35... Kh8 $1 $17 36. Qg5 Ne8 37. gxf5 f6) 36. Bxf4 Rxb3 ({Black should try} 36... Ne8 $15 37. Be5 a5 38. Bxc3 Qxc3 39. Qxc3 Rxc3 40. Bxd5 Nd6) 37. Qxb4 $11 Rxb4 38. Bxd6 Rbc4 39. Re5 {Intending Rg5+ and mate.} h6 40. Bf1 Rc1 {aiming for ...R8c6.} 41. Kg2 $1 a5 42. Rh5 f6 $1 43. Rxh6 Kg7 44. g5 R1c6 $1 {[%cal Rc6d6]} 45. Bf4 fxg5 46. Bxg5 e5 47. Rh4 Rg6 48. Rg4 {[#]} a4 $1 {[%mdl 512] Hoping for ...a3.} 49. Bd3 $2 (49. h4 $1 $11 Ra8 50. Bd3) (49. Rxa4 Rxg5+) 49... e4 $17 50. Bb1 $2 (50. h4 $17) 50... a3 $2 (50... Rb8 $19 51. Ba2 Rb2 52. Bxd5 Rb5) 51. Be7 $2 {[%mdl 8192]} (51. h4 $11) 51... Rxg4+ $19 52. hxg4 {[#]} Rc1 $2 ({Black should play} 52... Rc3 $1 $19 {And now ...Kg6 would win.} 53. g5 Kg6) 53. Ba2 $11 {The position is equal.} Rc2 54. Bxd5 a2 {[#]} 55. Bxa2 $1 {[%mdl 512]} Rxa2 56. Bc5 Kg6 {Av CentiPawn Loss W=-23/B=-22. Weighted=-32/-41} 1/2-1/2